000 01267nam2a2200241 i 4500
001 RU\NLR\BIBL_A\010690038
005 20240728140657.0
010 _a9785904630140
_91000
021 _aRU
_b2015-1609
_997
035 _a(NLR Aleph) 010690038
090 _a9681169
_c9681169
100 _a20150305d2015 k y0rusy50 ca
101 0 _arus
102 _aRU
105 _ac|||z|||000yy
200 1 _aТ. 2, гл. 8-16
210 _d2015
215 _a733 с.
_cпортр.
461 0 _1001RU\NLR\BIBL_A\010299398
_12001#$aКомментарий к посланию Святого апостола Павла к римлянам$eдля назидания в вере и благочестии$fКарл Улоф Росениус$gпер. со швед. В.Ю. Володина$vТ. 2, гл. 8-16
_1700#1$3RU\NLR\auth\7712704$aРосениус$bК. У.$f1816-1868
_910585860
_aРосениус, К.У. (1816-1868)
_cСанкт-Петербург
_d2013
_fКарл Улоф Росениус
_nСветоч
_oдля назидания в вере и благочестии
_tКомментарий к посланию Святого апостола Павла к римлянам
_vТ. 2, гл. 8-16
942 _cBOOK
980 _aNBR